[Event "South Wales New Year op"]
[Site "Bridgend"]
[Date "2020.01.04"]
[Round "3"]
[White "Pleasants, Allan J"]
[Black "Downey, Keith"]
[Result "1-0"]
[WhiteElo "2046"]
[BlackElo "1820"]
[PlyCount "77"]
[EventDate "2020.01.03"]
[EventType "swiss"]
[EventRounds "5"]
[EventCountry "WLS"]
[SourceTitle "EXT 2022"]
[Source "ChessBase"]
[SourceDate "2021.10.06"]
[SourceVersion "1"]
[SourceVersionDate "2021.10.06"]
[SourceQuality "1"]

1. Nf3 Nf6 2. g3 c5 3. Bg2 Nc6 4. c4 g6 5. 0-0 Bg7 6. Nc3 0-0 7. d4 cxd4 8. Nxd4 Nxd4 9. Qxd4 d6 10. Qd2 Rb8 11. b3 b6 12. Bb2 Be6 13. e4 Qd7 14. Rad1 Rfd8 15. Rfe1 Bg4 16. f3 Be6 17. a4 Bh3 18. Nd5 Nxd5 19. Bxg7 Kxg7 20. Bxh3 Qxh3 21. exd5 Rb7 22. Re4 Qf5 23. Rf4 Qc8 24. Re1 Qc5+ 25. Kg2 a5 26. Rfe4 Re8 27. h4 h5 28. g4 Qb4 29. Qb2+ Kh7 30. Kh2 Qc5 31. Qg2 hxg4 32. fxg4 Qc8 33. Qf3 Kg7 34. Rf1 Rf8 35. h5 Qe8 36. hxg6 fxg6 37. Rf4 Rb8 38. Qc3+ Rf6 39. g5 1-0

[Event "South Wales op 15th"]
[Site "Cardiff"]
[Date "2018.07.08"]
[Round "3"]
[White "Pleasants, Allan J"]
[Black "Downey, Keith"]
[Result "1/2-1/2"]
[WhiteElo "2092"]
[BlackElo "1824"]
[PlyCount "43"]
[EventDate "2018.07.07"]
[EventType "swiss"]
[EventRounds "9"]
[EventCountry "WLS"]
[SourceTitle "EXT 2019"]
[Source "ChessBase"]
[SourceDate "2018.10.10"]
[SourceVersion "1"]
[SourceVersionDate "2018.10.10"]
[SourceQuality "1"]

1. d4 Nf6 2. Nf3 e6 3. e3 b6 4. Bd3 Bb7 5. Nbd2 d5 6. 0-0 Bd6 7. c4 Nbd7 8. Qc2 0-0 9. e4 dxe4 10. Nxe4 Nxe4 11. Bxe4 Bxe4 12. Qxe4 Nf6 13. Qe2 h6 14. Be3 Qe7 15. Rac1 c5 16. Rfd1 Rfd8 17. Ne5 Qc7 18. f4 cxd4 19. Bxd4 Bc5 20. Bxc5 Qxc5+ 21. Qf2 Qc7 22. h3 1/2-1/2

[Event "Gibraltar Challengers-A 14th"]
[Site "Caleta"]
[Date "2016.01.25"]
[Round "1"]
[White "Downey, Keith"]
[Black "Pabalan, Rocky"]
[Result "0-1"]
[WhiteElo "1838"]
[BlackElo "2089"]
[PlyCount "74"]
[EventDate "2016.01.25"]
[EventType "swiss"]
[EventRounds "5"]
[EventCountry "GGB"]
[SourceTitle "CBM 170 Extra"]
[Source "ChessBase"]
[SourceDate "2016.02.25"]
[SourceVersion "1"]
[SourceVersionDate "2016.02.25"]
[SourceQuality "1"]

1. Nf3 Nf6 2. c4 e6 3. g3 b6 4. Bg2 Bb7 5. 0-0 c5 6. Nc3 Be7 7. d4 cxd4 8. Qxd4 0-0 9. Rd1 Qc8 10. b3 d5 11. cxd5 Bc5 12. Qd3 Bxf2+ 13. Kxf2 Qxc3 14. Ba3 Rd8 15. Ng5 Ng4+ 16. Kg1 Qxd3 17. Rxd3 exd5 18. Rad1 Re8 19. R1d2 Ne3 20. Bf3 Nc6 21. Bxd5 Nxd5 22. Rxd5 Ne5 23. R5d4 h6 24. Nh3 Ba6 25. Ra4 Bb5 26. Rb4 a6 27. Rf4 Rad8 28. Rc2 Rd1+ 29. Rf1 Nf3+ 30. Kf2 Rxf1+ 31. Kxf1 Nd4 32. Rd2 Nxe2 33. Kf2 Nc3 34. Rc2 Nd1+ 35. Kf3 Bd3 36. Rd2 Be4+ 37. Ke2 Nc3+ 0-1

[Event "Gibraltar Masters 13th"]
[Site "Caleta"]
[Date "2015.01.30"]
[Round "4"]
[White "Downey, Keith"]
[Black "Vanheirzeele, Daniel"]
[Result "0-1"]
[WhiteElo "1919"]
[BlackElo "2091"]
[PlyCount "56"]
[EventDate "2015.01.27"]
[EventType "swiss"]
[EventRounds "10"]
[EventCountry "GGB"]
[SourceTitle "CBM 165"]
[Source "ChessBase"]
[SourceDate "2015.03.11"]
[SourceVersion "1"]
[SourceVersionDate "2015.03.11"]
[SourceQuality "1"]

1. Nf3 c5 2. c4 Nc6 3. d4 cxd4 4. Nxd4 Qb6 5. e3 Nf6 6. Nc3 g6 7. Be2 Bg7 8. 0-0 0-0 9. b3 e6 10. Bb2 d5 11. Na4 Qa5 12. cxd5 Nxd4 13. Bxd4 exd5 14. Rc1 Be6 15. Qc2 Rfc8 16. Qb2 Ne8 17. Bxg7 Nxg7 18. h3 Nf5 19. Rfd1 Rxc1 20. Rxc1 Rd8 21. Nc5 Qb6 22. Bf1 g5 23. e4 dxe4 24. Nxe4 Qd4 25. Qxd4 Rxd4 26. f3 Kg7 27. Rc2 Rd1 28. Kf2 Rxf1+ 0-1

[Event "Guernsey op 40th"]
[Site "Vale"]
[Date "2014.10.20"]
[Round "2"]
[White "Dennis, Nigel W"]
[Black "Downey, Keith"]
[Result "1-0"]
[WhiteElo "1826"]
[BlackElo "1968"]
[PlyCount "59"]
[EventDate "2014.10.19"]
[EventType "swiss"]
[EventRounds "7"]
[EventCountry "GCI"]
[SourceTitle "EXT 2016"]
[Source "ChessBase"]
[SourceDate "2015.10.08"]
[SourceVersion "1"]
[SourceVersionDate "2015.10.08"]
[SourceQuality "1"]

1. e4 c5 2. Nf3 d6 3. d4 cxd4 4. Nxd4 Nf6 5. Nc3 a6 6. Be2 e5 7. Nb3 Be7 8. 0-0 Be6 9. f4 exf4 10. Bxf4 Nc6 11. Kh1 Ne5 12. Nd4 Bc4 13. b3 Bxe2 14. Qxe2 0-0 15. Nf5 Re8 16. Rad1 Qc7 17. Nxe7+ Rxe7 18. Nd5 Nxd5 19. Rxd5 Rae8 20. Rfd1 Re6 21. c4 f6 22. Qd2 Nf7 23. c5 Rxe4 24. cxd6 Qd7 25. h3 Re2 26. Qc3 Rc8 27. Rc5 Rxc5 28. Qxc5 g5 29. Qc7 Qf5 30. d7 1-0

[Event "Guernsey op 40th"]
[Site "Vale"]
[Date "2014.10.19"]
[Round "1"]
[White "Downey, Keith"]
[Black "Norman, Kenneth I"]
[Result "0-1"]
[WhiteElo "1968"]
[BlackElo "2153"]
[PlyCount "52"]
[EventDate "2014.10.19"]
[EventType "swiss"]
[EventRounds "7"]
[EventCountry "GCI"]
[SourceTitle "EXT 2016"]
[Source "ChessBase"]
[SourceDate "2015.10.08"]
[SourceVersion "1"]
[SourceVersionDate "2015.10.08"]
[SourceQuality "1"]

1. Nf3 g6 2. d4 Nf6 3. g3 Bg7 4. Bg2 0-0 5. 0-0 d5 6. c4 dxc4 7. Na3 c3 8. bxc3 c5 9. e3 Nc6 10. Qe2 Bf5 11. Rd1 Be4 12. Bb2 cxd4 13. cxd4 Qa5 14. Qb5 Qxb5 15. Nxb5 Nd5 16. a4 Rfd8 17. Rac1 a6 18. Na3 Nb6 19. a5 Nxa5 20. Rc7 Nd5 21. Rc5 Nb3 22. Rc4 b5 23. Rc2 Bxc2 24. Nxc2 Rac8 25. Nfe1 a5 26. e4 Nc3 0-1

[Event "Guernsey op"]
[Site "Guernsey"]
[Date "2013.10.25"]
[Round "6"]
[White "Bolt, Graham"]
[Black "Downey, Keith"]
[Result "1/2-1/2"]
[WhiteElo "2026"]
[BlackElo "1950"]
[PlyCount "40"]
[EventDate "2013.10.20"]
[EventType "swiss"]
[EventRounds "7"]
[EventCountry "GCI"]
[SourceTitle "CBM 157 Extra"]
[Source "ChessBase"]
[SourceDate "2013.12.19"]
[SourceVersion "1"]
[SourceVersionDate "2013.12.19"]
[SourceQuality "1"]

1. g3 c5 2. Bg2 Nc6 3. Nc3 g6 4. d3 Bg7 5. Nf3 d6 6. Bd2 e6 7. Rb1 Nge7 8. a3 Rb8 9. b4 cxb4 10. axb4 b5 11. 0-0 0-0 12. e3 a6 13. Ne2 Bb7 14. c4 Qd7 15. Qb3 Rfc8 16. Rfc1 bxc4 17. dxc4 Nxb4 18. Qxb4 Bxf3 19. Qxb8 Bxg2 20. Qb3 Be4 1/2-1/2

[Event "Guernsey op"]
[Site "Guernsey"]
[Date "2013.10.22"]
[Round "3"]
[White "Wager, John D"]
[Black "Downey, Keith"]
[Result "1/2-1/2"]
[WhiteElo "2105"]
[BlackElo "1950"]
[PlyCount "100"]
[EventDate "2013.10.20"]
[EventType "swiss"]
[EventRounds "7"]
[EventCountry "GCI"]
[SourceTitle "CBM 157 Extra"]
[Source "ChessBase"]
[SourceDate "2013.12.19"]
[SourceVersion "1"]
[SourceVersionDate "2013.12.19"]
[SourceQuality "1"]

1. d4 Nf6 2. Bg5 e6 3. e4 h6 4. Bh4 d6 5. f3 Be7 6. Bd3 Nbd7 7. c4 c5 8. Bf2 0-0 9. d5 exd5 10. cxd5 a6 11. Nd2 b5 12. Ne2 Ne5 13. Bc2 Ng6 14. 0-0 Nh5 15. a4 b4 16. Nc4 a5 17. b3 Bf6 18. Ra2 Ba6 19. Bd3 Bxc4 20. Bxc4 Ne5 21. Rc2 Bg5 22. Kh1 Kh8 23. Ng1 g6 24. g3 Bf6 25. f4 Nxc4 26. Rxc4 Re8 27. Qf3 Qd7 28. g4 Ng7 29. h4 h5 30. g5 Be7 31. Be3 Bf8 32. Bc1 Qg4 33. Qxg4 hxg4 34. Bb2 Kg8 35. Kg2 Nh5 36. Ne2 Ra7 37. Ng3 Bg7 38. Bxg7 Kxg7 39. f5 Re5 40. fxg6 fxg6 41. Nxh5+ gxh5 42. Rf6 Rae7 43. Rxd6 Rxe4 44. Rxe4 Rxe4 45. Rc6 Re2+ 46. Kf1 Rb2 47. Rxc5 Rxb3 48. Rxa5 Rb1+ 49. Kg2 Rb2+ 50. Kg1 Rb1+ 1/2-1/2

[Event "Guernsey op"]
[Site "Guernsey"]
[Date "2013.10.20"]
[Round "1"]
[White "Hamperl, Fred A"]
[Black "Downey, Keith"]
[Result "1-0"]
[WhiteElo "2129"]
[BlackElo "1950"]
[PlyCount "73"]
[EventDate "2013.10.20"]
[EventType "swiss"]
[EventRounds "7"]
[EventCountry "GCI"]
[SourceTitle "CBM 157 Extra"]
[Source "ChessBase"]
[SourceDate "2013.12.19"]
[SourceVersion "1"]
[SourceVersionDate "2013.12.19"]
[SourceQuality "1"]

1. e4 c5 2. Nc3 Nc6 3. Bb5 Nd4 4. Bc4 e6 5. Nge2 Nf6 6. 0-0 a6 7. d3 d5 8. Bb3 Nxb3 9. axb3 d4 10. Nb1 Be7 11. Ng3 0-0 12. f4 b5 13. Nd2 Bb7 14. Nf3 Rc8 15. Ne5 Qb6 16. Nh5 Rcd8 17. Bd2 b4 18. Nxf6+ Bxf6 19. Qh5 g6 20. Nc4 Qc7 21. Qg4 Bg7 22. f5 exf5 23. exf5 Bc8 24. Bf4 Qc6 25. Qg3 Bxf5 26. Bd6 Rfe8 27. Ra5 Rxd6 28. Qxd6 Qxd6 29. Nxd6 Re2 30. Nxf5 gxf5 31. Rxc5 Bh6 32. h4 Be3+ 33. Kh2 f4 34. Kh3 Kg7 35. Ra1 f6 36. Rxa6 Bf2 37. Kg4 1-0

[Event "WLS-ch"]
[Site "Cardiff"]
[Date "2013.04.01"]
[Round "7"]
[White "Downey, Keith"]
[Black "Turner, Joseph David"]
[Result "0-1"]
[WhiteElo "1941"]
[BlackElo "1992"]
[PlyCount "70"]
[EventDate "2013.03.29"]
[EventType "swiss"]
[EventRounds "7"]
[EventCountry "WLS"]
[SourceTitle "EXT 2014"]
[Source "ChessBase"]
[SourceDate "2013.11.20"]
[SourceVersion "1"]
[SourceVersionDate "2013.11.20"]
[SourceQuality "1"]

1. Nf3 Nf6 2. c4 g6 3. Nc3 Bg7 4. g3 0-0 5. Bg2 d6 6. d4 Nbd7 7. e4 c5 8. 0-0 cxd4 9. Nxd4 a6 10. h3 Ne5 11. b3 Nc6 12. Be3 e5 13. Nc2 Nh5 14. Qd2 f5 15. Bg5 Bf6 16. Bxf6 Nxf6 17. exf5 Bxf5 18. Rad1 Qd7 19. Kh2 Rad8 20. Qe3 Be6 21. Rd2 e4 22. Rfd1 Ne5 23. Kh1 Bxh3 24. Rxd6 Bxg2+ 25. Kxg2 Nfg4 26. Qxe4 Rxf2+ 27. Kg1 Qxd6 28. Rxd6 Rxd6 29. Qxe5 Nxe5 30. Kxf2 Rd2+ 31. Ke3 Rxc2 32. Ke4 Nc6 33. Kd5 Nb4+ 34. Kd6 Nxa2 35. Nxa2 Rxa2 0-1

[Event "WLS-ch"]
[Site "Cardiff"]
[Date "2013.04.01"]
[Round "6"]
[White "Young, Alan J"]
[Black "Downey, Keith"]
[Result "1/2-1/2"]
[WhiteElo "2063"]
[BlackElo "1941"]
[PlyCount "53"]
[EventDate "2013.03.29"]
[EventType "swiss"]
[EventRounds "7"]
[EventCountry "WLS"]
[SourceTitle "EXT 2014"]
[Source "ChessBase"]
[SourceDate "2013.11.20"]
[SourceVersion "1"]
[SourceVersionDate "2013.11.20"]
[SourceQuality "1"]

1. e4 c5 2. c3 d5 3. exd5 Qxd5 4. d4 e6 5. Nf3 Nf6 6. Be2 cxd4 7. cxd4 Be7 8. Nc3 Qd6 9. 0-0 0-0 10. Ne5 a6 11. Bf4 Qd8 12. Bf3 Nbd7 13. Rc1 Nb6 14. Bg3 Nfd5 15. Nxd5 Nxd5 16. Qb3 f5 17. Bxd5 exd5 18. Nd3 Bg5 19. Bc7 Qd7 20. f4 Bf6 21. Be5 Bd8 22. Rc5 Qf7 23. Bd6 Re8 24. Ne5 Qe6 25. Rfc1 Qxd6 26. Rxc8 Bb6 27. Rxe8+ 1/2-1/2

[Event "WLS-ch"]
[Site "Cardiff"]
[Date "2013.03.29"]
[Round "1"]
[White "Sands, David A"]
[Black "Downey, Keith"]
[Result "1-0"]
[WhiteElo "2235"]
[BlackElo "1941"]
[PlyCount "165"]
[EventDate "2013.03.29"]
[EventType "swiss"]
[EventRounds "7"]
[EventCountry "WLS"]
[SourceTitle "CBM 153 Extra"]
[Source "ChessBase"]
[SourceDate "2013.04.22"]
[SourceVersion "1"]
[SourceVersionDate "2013.04.22"]
[SourceQuality "1"]

1. d4 Nf6 2. c4 e6 3. Nf3 b6 4. g3 Ba6 5. Qa4 Bb7 6. Bg2 c5 7. dxc5 Bxc5 8. Nc3 0-0 9. 0-0 a6 10. Bf4 Be7 11. Rfd1 Ra7 12. Rac1 Nc6 13. Qc2 Qc8 14. Qb1 Ba8 15. Na4 Bd8 16. Bd6 Re8 17. Nc3 Bc7 18. b3 Qb8 19. Bxc7 Rxc7 20. Ng5 h6 21. Nge4 Nxe4 22. Nxe4 Ne7 23. Nd6 Rf8 24. Bxa8 Qxa8 25. Qd3 Qb8 26. Kg2 Nc8 27. Ne4 Rd8 28. Nc3 Ne7 29. e4 Qb7 30. Qf3 Ng6 31. Qd3 Rdc8 32. a4 Nf8 33. f3 Rb8 34. Rd2 Rbc8 35. Rcd1 Rb8 36. Qd4 Rd8 37. Kg1 Rc5 38. Qe3 Rc7 39. Rd6 Rc6 40. R6d2 Rc7 41. f4 Rc5 42. e5 Qc7 43. Ne4 Rc6 44. Nd6 Rb8 45. g4 Rd8 46. Kg2 Qb8 47. h4 Rc5 48. Kh3 Qa8 49. Qe4 Qxe4 50. Nxe4 Rc6 51. Rd4 a5 52. h5 Rb8 53. Kg3 Rc7 54. Rd6 Rbb7 55. Kf3 Rb8 56. Ke3 Rbb7 57. Kd4 Rb8 58. Kd3 Rbb7 59. Rb1 Rc8 60. b4 Ra8 61. Kc3 Rba7 62. Kb3 axb4 63. Ra1 Rb8 64. Kxb4 Raa8 65. Rb1 Ra7 66. Ka3 Rab7 67. Rb4 g6 68. Rb3 Kg7 69. Rbd3 Ra8 70. Kb4 Rba7 71. Ra3 Rb7 72. Nf6 Ra5 73. Rxb6 Rxa4+ 74. Rxa4 Rxb6+ 75. Kc5 Rc6+ 76. Kb5 Rc8 77. Ne4 Rb8+ 78. Kc5 Rb1 79. Nf6 Rf1 80. Kd6 Rxf4 81. Ke7 Nh7 82. Ne8+ Kg8 83. Ra8 1-0

[Event "Guernsey op 38th"]
[Site "Guernsey"]
[Date "2012.10.26"]
[Round "6"]
[White "Kearsley, Raymond J"]
[Black "Downey, Keith"]
[Result "0-1"]
[WhiteElo "1789"]
[BlackElo "1957"]
[PlyCount "50"]
[EventDate "2012.10.21"]
[EventType "swiss"]
[EventRounds "7"]
[EventCountry "GCI"]
[SourceTitle "EXT 2013"]
[Source "ChessBase"]
[SourceDate "2012.11.22"]
[SourceVersion "1"]
[SourceVersionDate "2012.11.22"]
[SourceQuality "1"]

1. e4 c5 2. Nf3 e6 3. d3 Nc6 4. Nbd2 g6 5. g3 Bg7 6. Bg2 d6 7. 0-0 Nge7 8. Qe2 0-0 9. c3 Rb8 10. a4 a6 11. Nh4 b5 12. axb5 axb5 13. f4 f5 14. exf5 exf5 15. Nhf3 h6 16. c4 b4 17. Rd1 Re8 18. Qf2 Nd4 19. Rb1 Bb7 20. Kh1 Nec6 21. Nxd4 Nxd4 22. Bxb7 Rxb7 23. Nf3 Re2 24. Qf1 Rbe7 25. Bd2 Qa8 0-1

[Event "Guernsey op 38th"]
[Site "Guernsey"]
[Date "2012.10.22"]
[Round "2"]
[White "Purdon, Colin"]
[Black "Downey, Keith"]
[Result "1-0"]
[WhiteElo "2099"]
[BlackElo "1957"]
[PlyCount "79"]
[EventDate "2012.10.21"]
[EventType "swiss"]
[EventRounds "7"]
[EventCountry "GCI"]
[SourceTitle "EXT 2013"]
[Source "ChessBase"]
[SourceDate "2012.11.22"]
[SourceVersion "1"]
[SourceVersionDate "2012.11.22"]
[SourceQuality "1"]

1. d4 Nf6 2. c4 e6 3. Nc3 Bb4 4. f3 d5 5. a3 Bxc3+ 6. bxc3 c5 7. e3 0-0 8. cxd5 exd5 9. Bd3 c4 10. Bb1 Nc6 11. Ne2 Re8 12. 0-0 b6 13. Ng3 Na5 14. e4 Nb3 15. Ra2 Nxc1 16. Qxc1 Nd7 17. e5 Nf8 18. f4 Rb8 19. f5 f6 20. e6 Rb7 21. Nh5 b5 22. Qf4 a5 23. Qg3 Qe7 24. Qf3 Qd6 25. Nf4 Rd8 26. Re1 Re7 27. Rae2 Bb7 28. g4 Qxa3 29. Ra2 Qd6 30. Rxa5 Qb6 31. Ra2 b4 32. Rb2 b3 33. h4 Rd6 34. g5 Nd7 35. Qg3 fxg5 36. hxg5 Nf8 37. f6 Rexe6 38. Nxe6 Nxe6 39. Rf2 Rd8 40. f7+ 1-0

[Event "Guernsey op 38th"]
[Site "Guernsey"]
[Date "2012.10.21"]
[Round "1"]
[White "Downey, Keith"]
[Black "Heppell, Ian"]
[Result "1/2-1/2"]
[WhiteElo "1957"]
[BlackElo "2118"]
[PlyCount "73"]
[EventDate "2012.10.21"]
[EventType "swiss"]
[EventRounds "7"]
[EventCountry "GCI"]
[SourceTitle "EXT 2013"]
[Source "ChessBase"]
[SourceDate "2012.11.22"]
[SourceVersion "1"]
[SourceVersionDate "2012.11.22"]
[SourceQuality "1"]

1. Nf3 d6 2. d4 Bg4 3. e4 Nf6 4. Nc3 e6 5. Be2 Be7 6. 0-0 d5 7. exd5 exd5 8. Ne5 Bxe2 9. Qxe2 0-0 10. Qf3 c6 11. Be3 Nbd7 12. Nd3 Re8 13. Rfe1 Qc7 14. Bf4 Bd6 15. Ne2 Ne4 16. c3 Ndf6 17. Bxd6 Qxd6 18. Ne5 Re7 19. Ng3 Nxg3 20. Qxg3 Rae8 21. f3 Nd7 22. Nd3 Qxg3 23. hxg3 Rxe1+ 24. Rxe1 Rxe1+ 25. Nxe1 f6 26. g4 Kf7 27. Kf2 Nf8 28. Nd3 Ne6 29. Kg3 Ke7 30. a4 b6 31. Kf2 Kd6 32. Ke3 c5 33. b4 cxb4 34. cxb4 a6 35. Ne1 Kc6 36. Nd3 Kd6 37. Ne1 1/2-1/2